| 000 | 00428aam a2200169 4500 | ||
|---|---|---|---|
| 005 | 20170224190724.0 | ||
| 008 | 150727b xxu||||| |||| 00| 0 spa d | ||
| 041 | _aInglés | ||
| 082 | _a428 E34u | ||
| 100 |
_aEllis, Rod _936067 |
||
| 245 | _aUnderstanding second language acquistion | ||
| 260 |
_aInglaterra _bOxford _c2003 |
||
| 300 | _a327 páginas | ||
| 650 |
_aINGLÉS _92062 |
||
| 650 |
_a ENSEÑANZA _9236 |
||
| 942 | _cBK | ||
| 999 |
_c8696 _d8696 |
||